Dairy sector indicators = Indicateurs du secteur laitier.

Saved in:
Bibliographic Details
Corporate Author: Organisation for Economic Co-operation and Development
Format: Book
Language:English
Published: Paris : OECD, c1994.
Series:Agricultural statistics (Organisation for Economic Co-operation and Development)
Subjects:
LEADER 01152nam a2200289 a 4500
001 c000375993
003 CARM
005 00000000000000.0
008 950206s1 94 f a i00010 eng d
019 1 |a 11407066  |z 45190671  |5 LACONCORD2021 
020 |a 9264042644 (pbk.) 
035 |a (OCoLC)32751268  |5 LACONCORD2021 
040 |d WLB 
041 0 |a engfre 
245 0 0 |a Dairy sector indicators =  |b Indicateurs du secteur laitier. 
260 |a Paris :  |b OECD,  |c c1994. 
300 |a 225 p. :  |b ill. ;  |c 27 cm. 
490 0 |a Agricultural statistics 
500 |a In English and French. 
610 2 0 |a Organisation for Economic Co-operation and Development  |x Statistics. 
650 0 |a Dairying  |x Statistics. 
710 2 |a Organisation for Economic Co-operation and Development. 
740 0 |a Indicateurs du secteur laitier. 
830 0 |a Agricultural statistics (Organisation for Economic Co-operation and Development) 
852 8 |b CARM  |h A1:AO13C0  |i F02270  |p 0356619  |f BK 
999 f f |i 7b42dafa-90a8-5386-8855-7abdf0cf7c09  |s 64b9688f-6a37-56ee-bcec-adc6a3011dc6 
952 f f |p Can circulate  |a CAVAL  |b CAVAL  |c CAVAL  |d CARM 1 Store  |e F02270  |f A1:AO13C0  |h Other scheme  |i book  |m 0356619